[Event "Julius Baer GenCup Prelim"]
[Site "chess24.com INT"]
[Date "2022.09.18"]
[Round "3"]
[White "Carlsen, Magnus"]
[Black "Adhiban, Baskaran"]
[Result "1-0"]
[WhiteElo "2861"]
[BlackElo "2603"]
[PlyCount "105"]
[EventDate "2022.09.18"]
[EventType "tourn (rapid)"]
[EventRounds "15"]
[EventCountry "GER"]
[EventCategory "18"]
[SourceTitle "EXT 2023"]
[Source "ChessBase"]
[SourceDate "2022.10.05"]
[SourceVersion "1"]
[SourceVersionDate "2022.10.05"]
[SourceQuality "1"]

1. Nf3 f5 2. b4 e5 $146 ({RR} 2... d6 3. d4 c6 4. c4 Nf6 5. Nc3 Qc7 6. Bg5 Ne4 7. Bd2 a5 8. Nxe4 fxe4 9. Ng5 Bf5 10. g3 axb4 11. Bxb4 d5 12. Qb3 Qd7 13. h4 Na6 14. Bd2 e5 15. cxd5 exd4 16. dxc6 bxc6 17. Bg2 {Dufek,V-Vesely,J Prague 1977 0-1}) ({RR} 2... d6 3. d4 g6 4. g3 Bg7 5. Bb2 Nh6 6. Bg2 Nf7 7. O-O Nd7 8. c4 O-O 9. Nc3 e5 10. dxe5 dxe5 11. e4 f4 12. b5 g5 13. h3 h5 14. Nh2 Nf6 15. Nd5 h4 16. gxf4 gxf4 17. Kh1 {Matlakov,M (2695)-Bosiocic,M (2555) Wroclaw 2014 1-0 (38)}) ({RR} 2... e6 3. Bb2 Nf6 4. a3 b6 5. e3 Bb7 6. Be2 Be7 7. O-O O-O 8. c4 c5 9. bxc5 bxc5 10. d3 Nc6 11. Nbd2 Qc7 12. Qc2 Rab8 13. Rfd1 Nd8 14. Rab1 Nf7 15. Nf1 Rfc8 16. N3d2 e5 17. Ng3 {Evengroen,J (2176)-Vosselman,J (2094) Velp NED 2024 1-0 (92)}) 3. Nxe5 Bxb4 4. g3 Nc6 5. Bb2 Nxe5 6. Bxe5 Qe7 7. Bb2 d5 8. Bg2 c6 9. e3 Nf6 10. O-O Be6 11. Nc3 O-O 12. Ne2 Rad8 13. a4 Bd6 14. d3 Bc8 15. a5 Rfe8 16. Qc1 Qf7 17. Bd4 Bb8 18. Qb2 Ng4 19. Qc3 a6 20. Rab1 Re7 21. h3 Ne5 22. Kh1 Rde8 23. Ng1 Re6 24. f4 Nd7 25. Nf3 h6 26. Rfe1 Bd6 27. Qd2 Kh7 28. Kh2 Qe7 29. Nh4 Qf7 30. e4 fxe4 31. dxe4 dxe4 32. f5 Rf6 33. Bxf6 Qxf6 34. Bxe4 Nc5 35. Bf3 Rd8 36. Qb4 Nd3 37. Qg4 Nxe1 38. Rxe1 Be5 39. Re2 Kg8 40. Qc4+ Kh7 41. Bh5 Bc7 42. Bg6+ Kh8 43. Qe4 Bd7 44. Qb4 c5 45. Qxb7 Qd6 46. Qf3 Bc6 47. Qe3 Qd1 48. Ng2 Rf8 49. f6 Qd6 50. fxg7+ Kxg7 51. Nf4 Rxf4 52. Qxf4 Qd7 53. Bf5 1-0

[Event "Julius Baer GenCup Prelim"]
[Site "chess24.com INT"]
[Date "2022.09.21"]
[Round "14"]
[White "Yoo, Christopher Woojin"]
[Black "Adhiban, Baskaran"]
[Result "1-0"]
[WhiteElo "2563"]
[BlackElo "2603"]
[PlyCount "115"]
[EventDate "2022.09.18"]
[EventType "tourn (rapid)"]
[EventRounds "15"]
[EventCountry "GER"]
[EventCategory "18"]
[SourceTitle "EXT 2023"]
[Source "ChessBase"]
[SourceDate "2022.10.05"]
[SourceVersion "1"]
[SourceVersionDate "2022.10.05"]
[SourceQuality "1"]

1. Nf3 f5 2. d3 d6 3. e4 e5 4. Nc3 Nc6 5. d4 fxe4 6. Nxe4 d5 7. Nc3 ({RR} 7. Ng3 e4 8. Ne5 Nf6 9. Bb5 Bd7 10. Bxc6 bxc6 11. O-O Bd6 12. Bg5 O-O 13. f3 exf3 14. Rxf3 Be6 15. Nh5 Kh8 16. Qf1 Be7 17. Nxc6 Qe8 18. Nxe7 Nxh5 19. Re1 Rxf3 20. Qxf3 Qf7 21. Qe2 Rf8 {Vachier Lagrave,M (2780)-Anton Guijarro,D (2685) Moscow 2019 1-0 (38)}) ({RR} 7. Ng3 e4 8. Ne5 Nxe5 9. dxe5 c6 10. f3 exf3 11. Qxf3 Qh4 12. Be2 Nh6 13. Qh5+ Qxh5 14. Nxh5 Nf5 15. Rf1 Nd4 16. Bd3 Bg4 17. Ng3 c5 18. c3 Nc6 19. Bf4 g6 20. h3 Be6 21. Ne2 Bg7 {Ovetchkin,R (2507)-Vlasenko,M (2347) Satka RUS 2024 ½-½ (75)}) 7... e4 8. Ng1 $146 ({RR} 8. Bg5 Be7 9. Bxe7 Ngxe7 10. Ng1 O-O 11. Qd2 Nf5 12. Nge2 Nce7 13. Ng3 Ng6 14. O-O-O c6 15. Nxf5 Rxf5 16. Re1 Nh4 17. Nd1 Qf6 18. Re3 Be6 19. f3 Rf8 20. Qe1 exf3 21. Rxe6 Qg5+ 22. Qe3 fxg2 {Grove,P (2239)-Hauge,L (2476) Helsingor 2019 0-1 (60)}) 8... Nf6 9. Bg5 Bb4 10. Nge2 h6 11. Bh4 O-O 12. a3 Be7 13. h3 Be6 14. Qd2 Nh5 15. Bxe7 Qxe7 16. g4 Qf6 17. O-O-O Nf4 18. Ng3 Ng6 19. Ngxe4 dxe4 20. d5 Rad8 21. Qe3 Bd7 22. dxc6 Bxc6 23. Rxd8 Rxd8 24. Bg2 Rf8 25. Nxe4 Qf4 26. Re1 Nh4 27. Bh1 Nf3 28. Bxf3 Qxf3 29. Ng3 Qxf2 30. Nf5 Qxe3+ 31. Rxe3 Bd7 32. Nd4 Rf4 33. Nf3 Bc6 34. Ne5 Re4 35. Kd2 Rxe3 36. Kxe3 Bg2 37. h4 Kf8 38. Ng6+ Ke8 39. Nf4 Bc6 40. Ne6 g6 41. Nf4 Bd7 42. Nd5 Bc6 43. Nb4 Bd7 44. Kf4 Ke7 45. g5 hxg5+ 46. Kxg5 Kf7 47. Nd5 c6 48. Nf4 Bf5 49. h5 Bxc2 50. hxg6+ Ke7 51. Ng2 a5 52. Ne3 Bb1 53. Nc4 a4 54. Nb6 Bc2 55. g7 Kf7 56. Kh6 Kg8 57. Nd7 Kf7 58. Nf6 1-0

[Event "Raipur Chhattisgarh"]
[Site "Raipur"]
[Date "2022.09.23"]
[Round "5"]
[White "Pantsulaia, Levan"]
[Black "Krasenkow, Michal"]
[Result "1-0"]
[WhiteElo "2596"]
[BlackElo "2545"]
[PlyCount "101"]
[EventDate "2022.09.19"]
[EventType "swiss"]
[EventRounds "10"]
[EventCountry "IND"]
[SourceTitle "EXT 2023"]
[Source "ChessBase"]
[SourceDate "2022.10.05"]
[SourceVersion "1"]
[SourceVersionDate "2022.10.05"]
[SourceQuality "1"]

1. Nf3 d5 2. c4 d4 3. b4 g6 4. d3 Bg7 5. g3 b6 ({RR} 5... a5 6. b5 c5 7. Bg2 e5 8. O-O Ne7 9. e3 O-O 10. exd4 exd4 11. Re1 Re8 12. Bf4 Nd7 13. Nbd2 Nf8 14. Ne4 Ne6 15. Be5 Bxe5 16. Nxe5 Kg7 17. h4 f6 18. Nf3 b6 19. Nxf6 Kxf6 20. Ng5 {Arabidze,M (2457)-Tarhan,A (2481) chess.com INT 2025 0-1 (52)}) ({RR} 5... a5 6. b5 c5 7. Bg2 e5 8. O-O Ne7 9. a4 Nd7 10. Ra2 Ra7 11. e3 b6 12. exd4 exd4 13. Re1 O-O 14. Rae2 Nf5 15. Bf4 Bb7 16. g4 Nh4 17. Nxh4 Qxh4 18. Re7 Bxg2 19. Kxg2 Bf6 20. Re8 {Anton Guijarro,D (2673)-Krasenkow,M (2597) Tornelo INT 2021 0-1 (62)}) 6. Bg2 Bb7 7. a4 $146 ({RR} 7. O-O e5 8. Bb2 Ne7 9. Qb3 Nd7 10. Nbd2 c5 11. b5 f5 12. Ng5 Bxg2 13. Ne6 Qc8 14. Nxg7+ Kf7 15. Nxf5 gxf5 16. Kxg2 h5 17. e4 h4 18. f4 hxg3 19. hxg3 Qg8 20. fxe5 Qg4 21. e6+ Kxe6 {Villeneuve,L (1571)-Desjardins,M (1907) Gatineau 2007 0-1 (44)}) 7... e5 8. a5 a6 9. O-O Ne7 10. axb6 cxb6 11. Bb2 Nbc6 12. Qa4 O-O 13. Nbd2 Qd7 14. Rfb1 Rfb8 15. b5 Na5 16. Ba3 Nc8 17. Qd1 Nd6 18. bxa6 Rxa6 19. c5 bxc5 20. Bxc5 Nc6 21. Bxd6 Rxa1 22. Bxb8 Rxb1 23. Qxb1 Nxb8 24. Nxd4 exd4 25. Bxb7 Qc7 26. Bd5 Nd7 27. Nf3 Bf6 28. Qb3 Nf8 29. h4 h6 30. Kg2 Kg7 31. Nd2 Qe7 32. Ne4 Be5 33. Qa4 Nh7 34. f4 Bf6 35. Qc6 Qa7 36. Nd6 Be7 37. Nxf7 Nf6 38. Ne5 Qc5 39. Qxc5 Bxc5 40. Bf7 Bd6 41. Bxg6 Bxe5 42. fxe5 Ng4 43. Bh5 Nxe5 44. g4 Nd7 45. Kf3 Nf6 46. Kf4 Nd5+ 47. Ke5 Nc3 48. g5 hxg5 49. hxg5 Nb5 50. Ke6 Nc3 51. Kd6 1-0

[Event "SRB-chT Premier"]
[Site "Vrnjacka Banja"]
[Date "2022.09.23"]
[Round "4.5"]
[White "Yilmazyerli, Mert"]
[Black "Sanal, Vahap"]
[Result "1-0"]
[WhiteElo "2533"]
[BlackElo "2595"]
[PlyCount "81"]
[EventDate "2022.09.20"]
[EventType "team-tourn"]
[EventRounds "11"]
[EventCountry "SRB"]
[SourceTitle "EXT 2023"]
[Source "ChessBase"]
[SourceDate "2022.10.05"]
[SourceVersion "1"]
[SourceVersionDate "2022.10.05"]
[SourceQuality "1"]
[WhiteTeam "Lucani Mladost"]
[BlackTeam "Novi Sad SK"]
[WhiteTeamCountry "SRB"]
[BlackTeamCountry "SRB"]

1. Nf3 Nf6 2. g3 b5 3. Bg2 Bb7 4. O-O e6 5. d3 Be7 6. e4 d6 7. Nd4 a6 8. Nb3 c6 ({RR} 8... c5 9. e5 Bxg2 10. exf6 Bxf1 11. fxe7 Qxe7 12. Qxf1 Nc6 13. Be3 O-O 14. Nc3 f5 15. Qg2 Rac8 16. a3 Qf6 17. Rd1 Nd4 18. f4 Rfe8 19. Bxd4 cxd4 20. Na2 Qd8 21. Rf1 Qb6 22. Qf2 e5 23. c3 {Aronian,L (2801)-Ipatov,A (2630) Antalya 2013 1-0 (39)}) ({RR} 8... c5 9. e5 Bxg2 10. exf6 Bxf1 11. fxe7 Qxe7 12. Qxf1 Nc6 13. Be3 O-O 14. Nc3 f5 15. Qg2 Rac8 16. a3 Qf6 17. Rd1 Nd4 18. f4 Rfe8 19. Bxd4 cxd4 20. Na2 Qd8 21. Rf1 Qb6 22. Qf2 e5 23. c3) ({RR} 8... e5 9. f4 a5 10. a4 bxa4 11. Rxa4 c5 12. fxe5 dxe5 13. Be3 Bc6 14. Ra1 Nbd7 15. Nc3 a4 16. Nd2 Nb6 17. h3 O-O 18. g4 Nfd7 19. Nf3 Qc7 20. g5 c4 21. d4 exd4 22. Nxd4 Bc5 23. Kh1) 9. a4 ({RR} 9. d4 Nbd7 10. a4 c5 ({RR} 10... O-O 11. Re1 Qc7 12. g4 h6 13. h4 Nh7 14. g5 hxg5 15. hxg5 Nxg5 16. f4 Nh7 17. Nc3 b4 18. Ne2 c5 19. Ng3 cxd4 20. Nxd4 Rac8 21. Kh1 Qa5 22. Nf3 Ndf6 23. f5 exf5 24. Nxf5 Rfe8 25. Ng5) 11. e5 Nd5 12. exd6 Bxd6 13. axb5 axb5 14. Na3 c4 15. Nxb5 Be7 16. Rxa8 Bxa8 17. Nd2 Qa5 18. Na3 c3 19. Ndc4 Qa6 20. Qd3 Bxa3 21. Nxa3 Qxd3 22. cxd3 cxb2 23. Bxb2 O-O {Banusz,T (2605)-Manon,R (2417) Budapest HUN 2024 1-0 (38)}) 9... Nfd7 $146 ({RR} 9... b4 10. d4 d5 11. N1d2 O-O 12. Re1 Nbd7 13. e5 Ne8 14. c4 bxc3 15. bxc3 c5 16. c4 Rb8 17. cxd5 Bxd5 18. Bxd5 exd5 19. dxc5 Nxc5 20. Nd4 Qd7 21. Ba3 Nc7 22. Rc1 Nd3 23. Bxe7 Qxe7 24. Nc6 {Lorparizangeneh,S (2491)-Percivaldi,M (2376) Manavgat 2018 ½-½ (36)}) 10. Qe1 Qc7 11. d4 Nb6 12. Nc3 O-O 13. Na5 Bc8 14. Be3 d5 15. Bf4 Qd7 16. Nb3 b4 17. a5 bxc3 18. axb6 cxb2 19. Ra5 Bd8 20. Nc5 Qe7 21. Ra2 Bxb6 22. Rxb2 Bc7 23. Qe3 Qd8 24. Bg5 Qe8 25. exd5 cxd5 26. c4 Qc6 27. Rc1 h6 28. Bxh6 gxh6 29. Qxh6 Bd8 30. Qh5 f5 31. cxd5 Qd6 32. Qg6+ Kh8 33. Qh6+ Kg8 34. Qg6+ Kh8 35. Nb7 Qa3 36. Rxc8 Qxb2 37. Qh6+ Kg8 38. Qg6+ Kh8 39. Nxd8 Ra7 40. dxe6 Qxd4 41. Nf7+ 1-0

[Event "Titled Tuesday intern op 20th Sep Early"]
[Site "Chess.com INT"]
[Date "2022.09.20"]
[Round "3"]
[White "Nakamura, Hikaru"]
[Black "Narayanan, Srinath"]
[Result "1-0"]
[WhiteElo "2768"]
[BlackElo "2559"]
[PlyCount "113"]
[EventDate "2022.09.20"]
[EventType "swiss (blitz)"]
[EventRounds "11"]
[EventCountry "USA"]
[SourceTitle "EXT 2023"]
[Source "ChessBase"]
[SourceDate "2022.10.05"]
[SourceVersion "1"]
[SourceVersionDate "2022.10.05"]
[SourceQuality "1"]

1. g3 e5 2. Bg2 Nf6 3. d3 d5 4. Nf3 Nc6 5. Nc3 ({RR} 5. Bg5 h6 6. Bxf6 Qxf6 7. O-O e4 8. Ne1 Qxb2 9. Nd2 Bb4 10. Nb3 Qe5 11. e3 O-O 12. d4 Qe7 13. c4 dxc4 14. Nd2 Bxd2 15. Qxd2 Bf5 16. Qb2 a6 17. a4 Rab8 18. a5 Qe6 19. Qc3 Bg4 {Petran,P (2364)-Malakhov,V (2637) Panormo 2001 0-1 (48)}) 5... h6 ({RR} 5... Bb4 6. O-O Bxc3 7. bxc3 h6 8. a4 O-O 9. h3 Be6 10. Ba3 Re8 11. Nd2 a5 12. Rb1 b6 13. Qe1 Qd7 14. Kh2 Rad8 15. e4 dxe4 16. Nxe4 Nxe4 17. Qxe4 Bd5 18. Qxd5 Qxd5 19. Bxd5 Rxd5 20. Rbe1 {Skaric,D (2277)-Santos,R (2140) chess.com INT 2024 0-1 (48)}) 6. O-O $146 ({RR} 6. d4 e4 7. Ne5 Bd7 8. b3 Bd6 9. Nxd7 Qxd7 10. O-O g5 11. f4 g4 12. f5 h5 13. Bf4 Bxf4 14. Rxf4 h4 15. gxh4 Rxh4 16. e3 O-O-O 17. a4 Rdh8 18. Ne2 Rxh2 19. Ng3 Qe8 20. Rb1 Qf8 {Rahimi,A (1138)-Huemmecke,A (1441) Willingen 2007 0-1}) 6... Be7 7. e4 dxe4 8. Nxe4 Nxe4 9. dxe4 Qxd1 10. Rxd1 Bg4 11. c3 O-O 12. h3 Be6 13. b4 Rfd8 14. Rxd8+ Rxd8 15. Be3 Rd3 16. Rc1 f6 17. a3 a6 18. Nd2 Rd7 19. Bf1 Kf7 20. h4 h5 21. Rb1 Nd8 22. a4 g5 23. hxg5 fxg5 24. Nf3 Bf6 25. Nxg5+ Bxg5 26. Bxg5 Kg6 27. Be3 Nf7 28. f4 Bg4 29. Kf2 Kf6 30. Re1 Nd6 31. fxe5+ Kxe5 32. Bf4+ Ke6 33. e5 Nf5 34. Bc4+ Ke7 35. e6 Rd1 36. Bg5+ Ke8 37. Rxd1 Bxd1 38. Bd3 Ne7 39. a5 Bg4 40. Bc4 Nc6 41. Bf4 Nd8 42. Bxc7 Nxe6 43. Be5 Kd7 44. Bd5 Nd8 45. Bg2 Nc6 46. Bf4 Bf5 47. Ke3 Bg4 48. Be4 Ke6 49. Bh1 Kd7 50. Kd3 Bf5+ 51. Kc4 Bg4 52. Kc5 Kc8 53. Kb6 Be2 54. Bd5 Bg4 55. Bxc6 bxc6 56. Kxa6 c5 57. b5 1-0

[Event "Titled Tuesday intern op 20th Sep Late"]
[Site "Chess.com INT"]
[Date "2022.09.20"]
[Round "9"]
[White "Paravyan, David"]
[Black "Martinez Alcantara, Jose Eduardo"]
[Result "1-0"]
[WhiteElo "2592"]
[BlackElo "2591"]
[PlyCount "129"]
[EventDate "2022.09.20"]
[EventType "swiss (blitz)"]
[EventRounds "11"]
[EventCountry "USA"]
[SourceTitle "EXT 2023"]
[Source "ChessBase"]
[SourceDate "2022.10.05"]
[SourceVersion "1"]
[SourceVersionDate "2022.10.05"]
[SourceQuality "1"]

1. Nf3 d5 2. g3 Bg4 3. Ne5 Bf5 4. c4 dxc4 ({RR} 4... Nd7 5. d4 e6 6. Qb3 Nxe5 7. dxe5 Be4 8. f3 dxc4 9. Qxc4 Bd5 10. Qc2 Bb4+ 11. Bd2 Bxd2+ 12. Nxd2 Ne7 13. O-O-O O-O 14. e4 Bc6 15. Nc4 Qe8 16. Be2 Ba4 17. b3 Bb5 18. Kb2 a6 19. Rd2 {Artemiev,V (2704)-Giri,A (2780) chess24.com INT 2021 ½-½ (63)}) ({RR} 4... f6 5. Qa4+ c6 6. Nf3 d4 7. d3 e5 8. Bg2 Nd7 9. O-O Bd6 10. Nbd2 Nc5 11. Qc2 a5 12. Nh4 Be6 13. Nb3 Nd7 14. f4 a4 15. Nd2 exf4 16. Ne4 Nc5 17. Nxd6+ Qxd6 18. Bxf4 Qd7 19. Nf3 {Pantsulaia,L (2538)-Yordanov,L (2361) Eforie Nord ROU 2025 1-0 (58)}) 5. Bg2 c6 6. Nxc4 Nf6 $146 ({RR} 6... Nd7 7. d4 Ngf6 8. Nc3 Be6 9. Qd3 Bxc4 10. Qxc4 e5 11. dxe5 Nxe5 12. Qb3 Qb6 13. Qc2 Bd6 14. O-O O-O 15. b3 Rfe8 16. e4 Bb4 17. Be3 Qa6 18. Rfd1 Bxc3 19. Qxc3 Qe2 20. Kh1 Rad8 21. Rxd8 {Makarian,R (2524)-Manelyuk,D (2267) Yekaterinburg RUS 2024 1-0 (39)}) 7. Nc3 e6 8. O-O Be7 9. d4 O-O 10. h3 h6 11. e4 Bh7 12. Be3 Nbd7 13. a3 Nb6 14. Ne5 Nfd7 15. Nd3 Nc4 16. Bf4 e5 17. dxe5 g5 18. Bc1 Ndxe5 19. Nxe5 Nxe5 20. Qe2 Qd3 21. Rd1 Qxe2 22. Nxe2 Rfd8 23. Be3 Nc4 24. Bd4 a5 25. Bc3 a4 26. Nd4 Bf8 27. Bf1 Nd6 28. f3 Bg6 29. Rd2 Bxe4 30. fxe4 Nxe4 31. Rd3 Nxc3 32. bxc3 Rd5 33. Nc2 Rc5 34. Re1 Bg7 35. Ree3 Re5 36. Rxe5 Bxe5 37. g4 Kg7 38. Rd7 b5 39. c4 Rb8 40. Nb4 Rc8 41. cxb5 cxb5 42. Bxb5 Rc3 43. Rd3 Rc1+ 44. Kg2 Rb1 45. Bxa4 Rb2+ 46. Kf3 Rh2 47. Ke4 Bf4 48. Bd7 Re2+ 49. Kd5 Re5+ 50. Kc4 Re1 51. Bf5 Rc1+ 52. Kb5 Ra1 53. Rb3 Re1 54. Nc6 Rc1 55. a4 Bd6 56. a5 Rc5+ 57. Kb6 Rc1 58. a6 Bc5+ 59. Kb7 Bg1 60. Rb1 Rxb1+ 61. Bxb1 h5 62. Ne5 hxg4 63. hxg4 Kf6 64. Nd7+ Ke6 65. Nb6 1-0

[Event "Julius Baer GenCup KO"]
[Site "chess24.com INT"]
[Date "2022.09.23"]
[Round "2.13"]
[White "Carlsen, Magnus"]
[Black "Keymer, Vincent"]
[Result "1-0"]
[WhiteElo "2861"]
[BlackElo "2693"]
[PlyCount "185"]
[EventDate "2022.09.22"]
[EventType "k.o. (rapid)"]
[EventRounds "3"]
[EventCountry "GER"]
[SourceTitle "EXT 2023"]
[Source "ChessBase"]
[SourceDate "2022.10.05"]
[SourceVersion "1"]
[SourceVersionDate "2022.10.05"]
[SourceQuality "1"]

1. Nf3 d5 2. g3 Bg4 3. c4 Bxf3 4. exf3 c6 5. d4 ({RR} 5. Qb3 Qd7 6. d4 Nf6 7. Nc3 e6 8. h4 Be7 9. Be3 O-O 10. Rd1 dxc4 11. Bxc4 b5 12. Bd3 a5 13. O-O a4 14. Qc2 Na6 15. a3 Nc7 16. Ne4 g6 17. Bf4 Ncd5 18. Be5 Rfc8 19. Kg2 Ne8 {Carlsen,M (2859)-Gukesh,D (2725) chess.com INT 2022 1-0 (46)}) 5... e6 6. Qb3 $146 ({RR} 6. Nc3 Nf6 7. Qb3 Qc7 8. Bf4 Qb6 9. c5 Qxb3 10. axb3 Be7 11. b4 O-O 12. Bd3 Nbd7 13. b5 Nh5 14. Be3 e5 15. b4 f5 16. bxc6 bxc6 17. f4 exf4 18. gxf4 Bf6 19. Kd2 g6 20. b5 Nxc5 {Carlsen,M (2831)-Banusz,T (2574) chess.com INT 2024 1-0 (31)}) ({RR} 6. Nc3 Nf6 7. Be3 Be7 8. Qb3 Qb6 9. c5 Qc7 10. Bf4 Qc8 11. Bd3 Nbd7 12. Qd1 O-O 13. O-O g6 14. b4 b6 15. Re1 a5 16. a3 axb4 17. axb4 Qb7 18. Qc2 Rxa1 19. Rxa1 Ra8 20. Ra4 Rxa4 {Ferey,A (2226)-Usov,A (2339) chess.com INT 2025 0-1 (48)}) 6... Qd7 7. Nc3 Ne7 8. Be3 Nf5 9. Bh3 Nxe3 10. fxe3 Be7 11. cxd5 cxd5 12. e4 Nc6 13. O-O-O Na5 14. Qc2 Qd8 15. exd5 exd5 16. Qf5 O-O 17. Nxd5 Nc6 18. Kb1 Qd6 19. Nxe7+ Nxe7 20. Qe5 Rad8 21. Rhe1 Nc6 22. Qxd6 Rxd6 23. d5 Rfd8 24. Rd2 Nb4 25. Rd4 Nxd5 26. Red1 Kf8 27. Bf1 Ke7 28. Bc4 Ne3 29. Rxd6 Rxd6 30. Re1 Rd1+ 31. Rxd1 Nxd1 32. Kc1 Ne3 33. Bd3 Kd6 34. Kd2 Nd5 35. Bb1 b6 36. Kd3 h6 37. Kd4 Nc7 38. f4 Ne6+ 39. Kc4 Nc7 40. a3 Kc6 41. Ba2 Kd6 42. Kd4 f6 43. Ke4 Ke7 44. Bc4 Kd6 45. Kf5 Ke7 46. Kg6 Kf8 47. g4 Ne8 48. g5 hxg5 49. fxg5 fxg5 50. Kxg5 Nd6 51. Bd5 Ke7 52. Kg6 Kf8 53. h3 Ne8 54. Kf5 Ke7 55. Ke5 Nc7 56. Bf3 Kd7 57. Bg4+ Ke7 58. Bf5 Na6 59. Kd5 Nc5 60. Kc6 Na4 61. b4 Nc3 62. Bd3 Na4 63. Kb7 a5 64. bxa5 bxa5 65. Bc2 Nb2 66. Bb3 Kd6 67. Kb6 a4 68. Bf7 Nd3 69. Kb5 Nf4 70. h4 Ng2 71. h5 Ne3 72. Bg6 Nd1 73. Kxa4 Kc5 74. Kb3 Ne3 75. Kc3 Nc4 76. a4 Nb6 77. Kb3 Nc4 78. Bd3 Ne5 79. Be2 Nc6 80. Kc3 Nd4 81. Kd3 Nc6 82. Ke4 Kd6 83. Bf3 Kc5 84. Be2 Kd6 85. Kf4 Kc5 86. Kg5 Ne7 87. a5 Kc6 88. a6 Kb6 89. Bc4 Ka7 90. Kf4 Kb6 91. Ke5 Nc6+ 92. Kf5 Nd4+ 93. Kg6 1-0

[Event "Shusha Blitz"]
[Site "Shusha"]
[Date "2022.09.24"]
[Round "13"]
[White "Mamedov, Rauf"]
[Black "Yilmaz, Mustafa"]
[Result "1-0"]
[WhiteElo "2646"]
[BlackElo "2633"]
[PlyCount "61"]
[EventDate "2022.09.24"]
[EventType "tourn (blitz)"]
[EventRounds "18"]
[EventCountry "AZE"]
[EventCategory "18"]
[SourceTitle "EXT 2023"]
[Source "ChessBase"]
[SourceDate "2022.10.05"]
[SourceVersion "1"]
[SourceVersionDate "2022.10.05"]
[SourceQuality "1"]

1. e4 c5 2. Nf3 d6 3. Nc3 Nf6 4. g3 g6 5. Bg2 Bg7 6. O-O O-O 7. d3 Nc6 8. Re1 e5 9. a3 ({RR} 9. h3 h6 10. Be3 b6 11. Kh2 Be6 12. a3 d5 13. exd5 Nxd5 14. Nxd5 Bxd5 15. Qd2 Kh7 16. Rad1 Qd7 17. b4 cxb4 18. axb4 Rad8 19. b5 Ne7 20. c4 Ba8 21. Qb4 Nf5 22. c5 Nxe3 23. Rxe3 bxc5 {Zienkiewicz,J (2302)-Cuenca Jimenez,J (2472) chess.com INT 2024 0-1}) 9... h6 ({RR} 9... Nd4 10. h3 h6 11. Nd2 Kh7 12. b4 b6 13. Bb2 Be6 14. Nd5 Rc8 15. c3 Nc6 16. c4 Nd4 17. Bxd4 cxd4 18. a4 Nxd5 19. exd5 Bf5 20. Qb3 a5 21. c5 bxc5 22. b5 Ra8 23. Nc4 Qe7 24. Qc2 {Mamedov,R (2646)-Sarana,A (2668) chess.com INT 2022 0-1 (45)}) 10. b4 $146 ({RR} 10. Rb1 Be6 11. b4 Qd7 12. bxc5 dxc5 13. Be3 b6 14. Qc1 Kh7 15. Qb2 Bg4 16. Ne2 Ne8 17. Bd2 f5 18. Bc3 fxe4 19. Nxe5 Nxe5 20. Bxe5 Qf5 21. Bxg7 Qxf2+ 22. Kh1 Bf3 23. Rg1 Nxg7 24. Nf4 Rae8 {Kretek,B (2216)-Tomecek,J (2159) Czech Republic 2015 0-1}) 10... a6 11. Rb1 b6 12. h3 Be6 13. Nd2 cxb4 14. axb4 d5 15. b5 axb5 16. exd5 Nxd5 17. Nxb5 Qd7 18. c4 Nde7 19. Ne4 Rfd8 20. Bxh6 Qxd3 21. Qxd3 Rxd3 22. Bxg7 Kxg7 23. Nc7 Rb8 24. Nxe6+ fxe6 25. Rb2 Rd4 26. Rc1 Nf5 27. h4 Kf8 28. Ng5 Nd8 29. c5 b5 30. c6 Rc8 31. c7 1-0

[Event "Titled Tuesday intern op 27th Sep Early"]
[Site "Chess.com INT"]
[Date "2022.09.27"]
[Round "6"]
[White "Grandelius, Nils"]
[Black "Kvon, Andrey"]
[Result "1-0"]
[WhiteElo "2651"]
[BlackElo "2527"]
[PlyCount "21"]
[EventDate "2022.09.27"]
[EventType "swiss (blitz)"]
[EventRounds "11"]
[EventCountry "USA"]
[SourceTitle "EXT 2023"]
[Source "ChessBase"]
[SourceDate "2022.10.05"]
[SourceVersion "1"]
[SourceVersionDate "2022.10.05"]
[SourceQuality "1"]

1. Nf3 f5 2. d3 Nc6 3. e4 d6 4. exf5 Bxf5 5. d4 e5 6. Bb5 e4 7. d5 a6 $146 ({RR} 7... exf3 8. dxc6 Qe7+ 9. Be3 b6 10. gxf3 Nf6 11. Nc3 d5 12. Nxd5 Qe5 13. Nxf6+ gxf6 14. Qe2 O-O-O 15. c3 Bc5 16. a4 a5 17. Bc4 Kb8 18. Rd1 Rxd1+ 19. Kxd1 Qd6+ 20. Kc1 Qxc6 21. Bxc5 Qxc5 22. Rd1 {Fominykh,M (2282)-Kharmunova,N (2196) Moscow 2013 ½-½ (44)}) 8. dxc6 axb5 9. Nd4 Bc8 10. Qh5+ g6 11. cxb7 1-0

[Event "Titled Tuesday intern op 27th Sep Late"]
[Site "Chess.com INT"]
[Date "2022.09.27"]
[Round "5"]
[White "Nakamura, Hikaru"]
[Black "Beerdsen, Thomas"]
[Result "1-0"]
[WhiteElo "2768"]
[BlackElo "2514"]
[PlyCount "63"]
[EventDate "2022.09.27"]
[EventType "swiss (blitz)"]
[EventRounds "11"]
[EventCountry "USA"]
[SourceTitle "EXT 2023"]
[Source "ChessBase"]
[SourceDate "2022.10.05"]
[SourceVersion "1"]
[SourceVersionDate "2022.10.05"]
[SourceQuality "1"]

1. Nf3 h6 2. e4 g5 3. d4 Bg7 4. Bc4 ({RR} 4. h3 d6 5. Bd3 c5 6. c3 Qc7 7. Be3 Nd7 8. Nbd2 Ngf6 9. Nf1 Nh5 10. g3 Nhf6 11. g4 b6 12. Ng3 Bb7 13. Qc2 a6 14. Qe2 e6 15. Nd2 b5 16. h4 gxh4 17. Rxh4 Nb6 18. dxc5 dxc5 {Grigoriants,S (2587)-Rapport,R (2720) Reykjavik 2016 ½-½}) 4... d6 ({RR} 4... e6 5. O-O Ne7 6. Re1 Ng6 7. e5 d5 8. Bd3 Ne7 9. h4 g4 10. Nh2 h5 11. Bg5 c5 12. c3 Nbc6 13. Na3 a6 14. Nc2 Qb6 15. Rb1 cxd4 16. cxd4 Bd7 17. Be3 f6 18. exf6 Bxf6 19. Nf1 {Di Nicolantonio,L (2383)-Beerdsen,T (2514) Chess.com INT 2022 0-1 (32)}) 5. c3 g4 6. Ng1 $146 ({RR} 6. Nh4 Bf6 7. Nf5 d5 8. Bd3 dxe4 9. Bxe4 Bxf5 10. Bxf5 h5 11. Be4 Nc6 12. h3 Qd7 13. hxg4 hxg4 14. Rxh8 Bxh8 15. Qb3 O-O-O 16. Qxf7 Nf6 17. Bc2 g3 18. fxg3 Qg4 19. Bf4 e5 20. dxe5 Re8 {Javakhadze,Z (2417)-Vovk,O (2315) chess.com INT 2024 1-0}) 6... a6 7. h3 b5 8. Bd5 c6 9. Bb3 Nf6 10. Qe2 h5 11. Bg5 Qc7 12. a4 Nbd7 13. axb5 cxb5 14. Nd2 Bb7 15. hxg4 hxg4 16. Rxh8+ Bxh8 17. Qd3 e6 18. Ne2 Qc6 19. Bc2 Rc8 20. Qg3 Bg7 21. Qh4 Qb6 22. Bd3 Qd8 23. Ng3 Qe7 24. Nh5 Bh8 25. Nf1 b4 26. c4 e5 27. d5 Nc5 28. Bc2 b3 29. Bb1 Ncxe4 30. Bxe4 Rxc4 31. Nd2 Rc5 32. Nxf6+ 1-0

[Event "Titled Tuesday intern op 27th Sep Late"]
[Site "Chess.com INT"]
[Date "2022.09.27"]
[Round "11"]
[White "Van Foreest, Jorden"]
[Black "Bortnyk, Olexandr"]
[Result "1-0"]
[WhiteElo "2691"]
[BlackElo "2604"]
[PlyCount "95"]
[EventDate "2022.09.27"]
[EventType "swiss (blitz)"]
[EventRounds "11"]
[EventCountry "USA"]
[SourceTitle "EXT 2023"]
[Source "ChessBase"]
[SourceDate "2022.10.05"]
[SourceVersion "1"]
[SourceVersionDate "2022.10.05"]
[SourceQuality "1"]

1. b3 d5 2. Bb2 Bf5 3. Nf3 e6 4. g3 Nf6 5. Bg2 Be7 6. O-O O-O 7. d3 h6 8. Nbd2 c6 9. Re1 Bh7 10. e4 a5 11. a3 Na6 12. Qe2 Nd7 13. h4 Bf6 14. e5 Be7 15. Nf1 c5 $146 ({RR} 15... b5 16. N1h2 a4 17. bxa4 bxa4 18. Ng4 Kh8 19. Bc1 Rb8 20. Bf4 Nc7 21. Nd4 Rb6 22. Qd2 Qb8 23. Nf3 Rb2 24. Nd4 Rb6 25. h5 c5 26. Nf3 Rb2 27. Rec1 Rd8 28. Kh2 c4 29. Bxh6 gxh6 30. Nxh6 {Shibut,M (2253)-Charbonneau,P (2505) Ledyard 2009 0-1 (41)}) 16. Ne3 b5 17. Kh2 Qb6 18. g4 Kh8 19. g5 d4 20. Ng4 h5 21. Nf6 gxf6 22. gxf6 Bxf6 23. exf6 Nxf6 24. Ng5 Qd6+ 25. Kg1 Ng4 26. Bxa8 Qh2+ 27. Kf1 Rxa8 28. Qf3 Nc7 29. Qxf7 Bf5 30. Qxh5+ Kg7 31. Qf7+ Kh6 32. Ke2 Qxf2+ 33. Kd1 Ne3+ 34. Rxe3 Qxe3 35. Bc1 Qg1+ 36. Ke2 Qg2+ 37. Ke1 Qg1+ 38. Ke2 Qg2+ 39. Ke1 Nd5 40. Nxe6+ Ne3 41. Qf6+ Bg6 42. Bxe3+ dxe3 43. Qf4+ Kh7 44. Qc7+ Kh6 45. Qg7+ Kh5 46. Nf4+ Kxh4 47. Nxg2+ Kg5 48. Nxe3 1-0